Peces marinos de Argentina : biología, distribución, pesca /

Guardado en:
Autor Principal: Cousseau, María B.
Otros Autores: Perrotta, Ricardo G.
Formato: Libro
Idioma:Spanish
Publicado: Mar del Plata : Instituto Nacional de Investigación y Desarrollo Pesquero, Secretaría de Agricultura, Ganadería, Pesca y Alimentación, 1998.
Edición:1a ed.
Etiquetas: Agregar Etiqueta
Sin Etiquetas, Sea el primero en etiquetar este registro!
LEADER 00754nam a22001815a 4500
001 EEA.libagro006355
005 20180626112621.0
008 130809s1998####ag#a##########000#0#spa#d
020 |a 9879624416 
082 0 4 |a 597.0932 
082 0 4 |a 639.22 
100 1 |a Cousseau, María B. 
245 1 0 |a Peces marinos de Argentina :  |b biología, distribución, pesca /  |c por María B. Cousseau y Ricardo G. Perrotta. 
250 |a 1a ed. 
260 |a Mar del Plata :  |b Instituto Nacional de Investigación y Desarrollo Pesquero, Secretaría de Agricultura, Ganadería, Pesca y Alimentación,  |c 1998. 
300 |a 163 p. :  |b il. (algunas col.), mapas col. ;  |c 24 cm. 
700 1 |a Perrotta, Ricardo G. 
859 |a AR-BbBCA  |b BIB. AGRONOMIA  |h 597.0982  |i C868  |p 1999/3716